01410nam a2200289 a 450000100100000000500170001000800410002702000180006804000250008608200150011111000320012624000220015824501820018024600570036226000350041930000210045450000240047550000450049950000560054450000340060070000530063470000380068795201220072595201280084795201280097599900170110300004661320240402134029.0090715s2015 dr 001 0 spa d a9789945893793 aDO-SdBNPbspacBNPHU axxxbR426c1 aRepública Dominicana944710aCódigo procesal10aLey 76-2 :bCódigo procesal penal de la República Dominicana :(Mod. por la leyes 278-04, 424-06 y 176-07, 10-15) /ccompiladores Trajano Vidal Potentini, Salvador Potentini.13aCódigo procesal penal de la República Dominicana aSanto Domingo :bDalis,c2015. a168 p. ;c23 cm. aÍdice de materias aCon más de 100 artículos modificados aPreparado con anotaciones para estudios comparativo aEdición 35 aniversario 201512aPotentini Adames, Trajano Vidal‏ecomp.97357712aPotentini, Salvadorecomp.967426 001052708PDaGRbGRcCTd2017-01-27iLF1l0oxxx R426cp46613-10r2020-06-25w2020-06-25yLFPDZPréstamo interno 001052728PDaGRbGRcCTd2017-01-27iLF1l0oxxx R426cp46613-20r2020-06-25te. 2w2020-06-25yLFPDZPréstamo interno 001052708DSaGRbGRcCTd2017-01-27iLF1l0oxxx R426cp46613-30r2020-06-25te. 3w2020-06-25yLFDSZPréstamo interno c46102d46102